Brawl Stars - Cromáticos#7 - Statistics

Estatísticas Gerais
  • Esse quiz foi jogado 20 vezes
  • A pontuação média é 4 de 5
Estatísticas das Respostas
Temporada do Passe Resposta % Correto
Bazar da Tara#1 Gale
100%
Estação de Monstros#2 Watson
93%
Fuga Natalina#4 Lou
79%
Starr Park#3 Colette
71%
Força Starr#5 Coronel Ruffs
64%
Nenhum quiz correspondente encontrado
Distribuição das Pontuações
Porcentagem de Pessoas com Cada Pontuação
Percentil de Números Respondidos
Sua Pontuação Histórica
Você não jogou esse quiz